|
|
|
|
| LEADER |
00000nab a2200000 a 4500 |
| 001 |
vtls000882707 |
| 003 |
SK-MaSNL |
| 005 |
20260318132953.0 |
| 008 |
161006c1998 xo 0 eng |
| 015 |
|
|
|a SNBRA2004/08-24598
|
| 035 |
|
|
|a CLN000234196
|
| 040 |
|
|
|a SNKBUCL
|b slo
|c SNKBUCL
|e AACR2
|
| 041 |
0 |
|
|a slo
|
| 044 |
|
|
|a xo
|c SK
|
| 080 |
|
|
|a 669.15'26'28'29-138
|2 1997
|
| 100 |
1 |
|
|a Grgač, P.
|4 aut
|9 791708
|
| 245 |
1 |
0 |
|a Solidification microstructures in rapidly solidified powder of a Cr-Mo-V tool steel
|c P. Grgač, M. Behúlová, R. Moravčík
|
| 300 |
|
|
|b Obr.
|
| 504 |
|
|
|a Res. angl.
|
| 504 |
|
|
|a Bibliogr. odkazy
|
| 650 |
0 |
7 |
|a nástrojové ocele
|2 snkbucl
|9 74066
|
| 655 |
|
7 |
|a články zo zborníkov
|2 snkbucl
|9 166140
|
| 700 |
1 |
|
|a Moravčík, R.
|4 aut
|9 791712
|
| 700 |
1 |
|
|a Behúlová, Mária,
|d 1963-
|4 aut
|9 224190
|
| 773 |
0 |
|
|z 8070993243
|t Metallography '98
|d Košice : Technical University, 1998
|g S. 301-305
|
| 850 |
|
|
|a Slovenská národná knižnica v Martine
|
| 852 |
|
|
|a SNK
|b KIS3GCP
|
| 958 |
|
|
|a NB
|
| 999 |
|
|
|c 2170809
|d 2172739
|